Statistics for Olympic Gymnastics Team Medalists

Click here to take the quiz!

General Stats

  • This quiz has been taken 276 times
    (64 since last reset)
  • The average score is 29 of 63

Answer Stats

YearMedalAnswer% Correct
2020SilverUnited States
93%
2020GoldROC
91%
2016GoldUnited States
89%
2008GoldChina
87%
2008SilverUnited States
87%
2020BronzeGreat Britain
84%
2016SilverRussia
84%
2012SilverRussia
84%
2012GoldUnited States
84%
2016BronzeChina
82%
2004GoldRomania
82%
2004SilverUnited States
82%
2008BronzeRomania
80%
2004BronzeRussia
80%
2012BronzeRomania
78%
2000GoldRomania
73%
1996SilverRussia
73%
1996GoldUnited States
73%
2000SilverRussia
71%
1996BronzeRomania
69%
2000Bronze*United States
69%
1992SilverRomania
64%
1988SilverRomania
60%
1992BronzeUnited States
60%
1988GoldSoviet Union
58%
1984GoldRomania
56%
1980GoldSoviet Union
56%
1976GoldSoviet Union
53%
1972GoldSoviet Union
51%
1984SilverUnited States
51%
1976SilverRomania
49%
1980SilverRomania
47%
1968GoldSoviet Union
47%
1952GoldSoviet Union
42%
1992GoldUnified Team
42%
1984BronzeChina
38%
1964GoldSoviet Union
38%
1956GoldSoviet Union
38%
1960GoldSoviet Union
38%
1968SilverCzechoslovakia
27%
1964SilverCzechoslovakia
22%
1976BronzeEast Germany
22%
1972SilverEast Germany
22%
1988BronzeEast Germany
22%
1960SilverCzechoslovakia
20%
1980BronzeEast Germany
20%
1960BronzeRomania
20%
1952BronzeCzechoslovakia
18%
1956BronzeRomania
18%
1948GoldCzechoslovakia
13%
1948BronzeUnited States
13%
1968BronzeEast Germany
11%
1956SilverHungary
11%
1952SilverHungary
11%
1928GoldNetherlands
11%
1936SilverCzechoslovakia
9%
1936GoldGermany
9%
1972BronzeHungary
9%
1928BronzeGreat Britain
4%
1948SilverHungary
4%
1964BronzeJapan
4%
1936BronzeHungary
2%
1928SilverItaly
2%

Score Distribution

Percentile by Number Answered

Percent of People with Each Score

Your Score History

You have not taken this quiz since the last reset